Заклепки пустотелые и полупустотелые; ГОСТ 12638-80 Заклепки пустотелые со скругленной головкой. Технические условия; ГОСТ 12639-80 Заклепки пустотелые с плоской головкой. Технические условия; ГОСТ 12640-80 Заклепки пустотелые с потайной головкой. Технические условия; ГОСТ 12641-80 Заклепки полупустотелые с полукруглой головкой. Технические условия; ГОСТ 12642-80 Заклепки полупустотелые с плоской головкой. Технические условия; ГОСТ 12643-80 Заклепки полупустотелые с потайной головкой. Технические условия; ГОСТ 12644-80 Заклепки пустотелые и полупустотелые. Общиие технические условия
| Համատեղ հեղինակ: | |
|---|---|
| Լեզու: | ռուսերեն |
| Հրապարակվել է: |
Москва, Изд-во стандартов, 1982
|
| Հրատարակություն: | Изд. офиц. |
| TOC: | ГОСТ 12638-80 Заклепки пустотелые со скругленной головкой. Технические условия; ГОСТ 12639-80 Заклепки пустотелые с плоской головкой. Технические условия; ГОСТ 12640-80 Заклепки пустотелые с потайной головкой. Технические условия; ГОСТ 12641-80 Заклепки полупустотелые с полукруглой головкой. Технические условия; ГОСТ 12642-80 Заклепки полупустотелые с плоской головкой. Технические условия; ГОСТ 12643-80 Заклепки полупустотелые с потайной головкой. Технические условия; ГОСТ 12644-80 Заклепки пустотелые и полупустотелые. Общиие технические условия; |
| Շարք: | Государственные стандарты |
| Խորագրեր: | |
| Ձևաչափ: | MixedMaterials Գիրք |
| KOHA link: | https://koha.lib.tpu.ru/cgi-bin/koha/opac-detail.pl?biblionumber=153512 |
MARC
| LEADER | 00000nam0a2200000 4500 | ||
|---|---|---|---|
| 001 | 153512 | ||
| 005 | 20231031151428.0 | ||
| 035 | |a (RuTPU)RU\TPU\book\166541 | ||
| 035 | |a RU\TPU\book\166538 | ||
| 090 | |a 153512 | ||
| 100 | |a 20090213d1982 km y0rusy50 ca | ||
| 101 | 0 | |a rus | |
| 102 | |a RU | ||
| 105 | |a a l 000zy | ||
| 200 | 1 | |a Заклепки пустотелые и полупустотелые | |
| 205 | |a Изд. офиц. | ||
| 210 | |a Москва |c Изд-во стандартов |d 1982 | ||
| 215 | |a 59 с. |c ил. | ||
| 225 | 1 | |a Государственные стандарты | |
| 464 | |t ГОСТ 12638-80 Заклепки пустотелые со скругленной головкой. Технические условия | ||
| 464 | |t ГОСТ 12639-80 Заклепки пустотелые с плоской головкой. Технические условия | ||
| 464 | |t ГОСТ 12640-80 Заклепки пустотелые с потайной головкой. Технические условия | ||
| 464 | |t ГОСТ 12641-80 Заклепки полупустотелые с полукруглой головкой. Технические условия | ||
| 464 | |t ГОСТ 12642-80 Заклепки полупустотелые с плоской головкой. Технические условия | ||
| 464 | |t ГОСТ 12643-80 Заклепки полупустотелые с потайной головкой. Технические условия | ||
| 464 | |t ГОСТ 12644-80 Заклепки пустотелые и полупустотелые. Общиие технические условия | ||
| 610 | 1 | |a ГОСТы | |
| 610 | 1 | |a стандарты | |
| 610 | 1 | |a заклепки | |
| 610 | 1 | |a технические условия | |
| 712 | 0 | 1 | |a СССР |b Государственный комитет по стандартам (Госстандарт) |c (1978-1989) |2 stltpush |3 (RuTPU)RU\TPU\col\12454 |
| 801 | 2 | |a RU |b 63413507 |c 20221208 |g PSBO | |
| 942 | |c BK | ||